[Event "VIE-ch U13 Girls"]
[Site "Hanoi"]
[Date "2020.??.??"]
[Round "2"]
[White "Nguyen, Phuc Yen Nhi"]
[Black "Vu, My Linh"]
[Result "1/2-1/2"]
[WhiteElo "1295"]
[BlackElo "1469"]
[PlyCount "70"]
[EventDate "2020.10.22"]
[EventType "tourn"]
[EventRounds "7"]
[EventCountry "VIE"]
[SourceTitle "EXT 2022"]
[Source "ChessBase"]
[SourceDate "2021.10.06"]
[SourceVersion "1"]
[SourceVersionDate "2021.10.06"]
[SourceQuality "1"]

1. e4 d6 2. d4 Nf6 3. Nd2 g6 4. b3 Bg7 5. Bb2 0-0 6. Ne2 c5 7. g3 b5 8. Bg2 Bb7 9. 0-0 Qc7 10. c4 a6 11. Rc1 Nbd7 12. Qc2 b4 13. Ba1 a5 14. Rfe1 e5 15. d5 a4 16. Rb1 Ra7 17. Bb2 axb3 18. axb3 Nb6 19. Ra1 Rfa8 20. Rxa7 Rxa7 21. Ra1 Bc8 22. Qb1 Bg4 23. Rxa7 Qxa7 24. f3 Bd7 25. Qa1 Qxa1+ 26. Bxa1 Bh6 27. Nf1 Nh5 28. Kf2 f5 29. Ne3 f4 30. Nf1 fxg3+ 31. hxg3 Kf7 32. Bb2 Ke7 33. Bc1 Bxc1 34. Nxc1 Kd8 35. Ne3 Ke7 1/2-1/2